| 000 | 00720nam a2200229Ii 4500 | ||
|---|---|---|---|
| 003 | JO-AjNU | ||
| 008 | 230605s9999||||xx |||||||||||||| ||und|| | ||
| 017 | _a2004/1/92 | ||
| 020 | _a9975-02-139-7 | ||
| 040 |
_aJO-AjNU _bara _erda _cJO-AjNU |
||
| 041 | _aara | ||
| 050 | 1 | 4 | _aPJ7846.A755.W3222 2004 |
| 100 | 3 |
_aتأليف المناصرة،عز الدين, _eauthor _913950 |
|
| 245 | 0 | 0 | _aيا عنب الخليل: مجموعة شعرية |
| 250 | _aط6 | ||
| 264 | 3 | 1 | _aعمان:دار مجدلاوي،2003 |
| 300 | _a148ص | ||
| 336 |
_atext _btxt _2rdacontent |
||
| 337 |
_aunmediated _bn _2rdamedia |
||
| 338 |
_avolume _bnc _2rdacarrier |
||
| 650 | 4 |
_a الشعر العربي - العصر الحديث _913951 |
|
| 999 |
_aA3604 _c7172 _d7172 |
||